<?xml version="1.0" encoding="UTF-8"?>
<record
    xmlns:xsi="http://www.w3.org/2001/XMLSchema-instance"
    xsi:schemaLocation="http://www.loc.gov/MARC21/slim http://www.loc.gov/standards/marcxml/schema/MARC21slim.xsd"
    xmlns="http://www.loc.gov/MARC21/slim">

  <leader>03553nam a2200589Ia 4500</leader>
  <controlfield tag="001">7367</controlfield>
  <controlfield tag="008">241029s9999    xx            000 0 und d</controlfield>
  <datafield tag="010" ind1=" " ind2=" ">
    <subfield code="a">6985</subfield>
  </datafield>
  <datafield tag="041" ind1=" " ind2=" ">
    <subfield code="a">Espa&#xF1;ol</subfield>
  </datafield>
  <datafield tag="082" ind1=" " ind2=" ">
    <subfield code="a">UCSD-MGU-0259-2017</subfield>
  </datafield>
  <datafield tag="245" ind1=" " ind2="0">
    <subfield code="a">An&#xE1;lisis de la Metodolog&#xED;a Andrag&#xF3;gica aplicada al participante adulto en la Carrera de Educaci&#xF3;n de la Universidad Abierta para Adultos (UAPA), en el periodo septiembre-diciembre 2016</subfield>
  </datafield>
  <datafield tag="260" ind1=" " ind2=" ">
    <subfield code="a">Distrito Nacional</subfield>
  </datafield>
  <datafield tag="300" ind1=" " ind2=" ">
    <subfield code="a">122</subfield>
  </datafield>
  <datafield tag="520" ind1=" " ind2=" ">
    <subfield code="a">64</subfield>
  </datafield>
  <datafield tag="630" ind1=" " ind2=" ">
    <subfield code="a">Aprendizaje</subfield>
  </datafield>
  <datafield tag="630" ind1=" " ind2=" ">
    <subfield code="a">Docentes</subfield>
  </datafield>
  <datafield tag="630" ind1=" " ind2=" ">
    <subfield code="a">Educaci&#xF3;n Superior</subfield>
  </datafield>
  <datafield tag="630" ind1=" " ind2=" ">
    <subfield code="a">Mejoramiento del Aprendizaje</subfield>
  </datafield>
  <datafield tag="630" ind1=" " ind2=" ">
    <subfield code="a">Metodolog&#xED;a de Ense&#xF1;anza</subfield>
  </datafield>
  <datafield tag="650" ind1=" " ind2=" ">
    <subfield code="a">Educaci&#xF3;n Superior</subfield>
  </datafield>
  <datafield tag="690" ind1=" " ind2=" ">
    <subfield code="a">Elaborado</subfield>
  </datafield>
  <datafield tag="700" ind1=" " ind2=" ">
    <subfield code="e">asesor</subfield>
    <subfield code="a">Torres,  Fanny</subfield>
  </datafield>
  <datafield tag="700" ind1=" " ind2=" ">
    <subfield code="e">autor</subfield>
    <subfield code="a">Del Rosario , Aida Lucia </subfield>
  </datafield>
  <datafield tag="700" ind1=" " ind2=" ">
    <subfield code="e">autor</subfield>
    <subfield code="a">Flores Batista, Narcisa Gabriela</subfield>
  </datafield>
  <datafield tag="700" ind1=" " ind2=" ">
    <subfield code="e">asesor</subfield>
    <subfield code="a">Astacio , Mart&#xED;n</subfield>
  </datafield>
  <datafield tag="901" ind1=" " ind2=" ">
    <subfield code="a">{"1":"Del Rosario ","2":"Flores Batista"}</subfield>
    <subfield code="b">{"1":"Aida Lucia ","2":"Narcisa Gabriela"}</subfield>
  </datafield>
  <datafield tag="902" ind1=" " ind2=" ">
    <subfield code="a">2</subfield>
  </datafield>
  <datafield tag="903" ind1=" " ind2=" ">
    <subfield code="a">{"1":"Astacio ","2":"Torres"}</subfield>
    <subfield code="b">{"1":"Mart&#xED;n","2":" Fanny"}</subfield>
  </datafield>
  <datafield tag="904" ind1=" " ind2=" ">
    <subfield code="a">Maestr&#xED;a en</subfield>
  </datafield>
  <datafield tag="905" ind1=" " ind2=" ">
    <subfield code="a">Docencia y Gesti&#xF3;n Universitaria</subfield>
  </datafield>
  <datafield tag="906" ind1=" " ind2=" ">
    <subfield code="a">2</subfield>
  </datafield>
  <datafield tag="907" ind1=" " ind2=" ">
    <subfield code="a">NO APLICA</subfield>
  </datafield>
  <datafield tag="908" ind1=" " ind2=" ">
    <subfield code="a">NO APLICA</subfield>
  </datafield>
  <datafield tag="909" ind1=" " ind2=" ">
    <subfield code="a">Universidad Cat&#xF3;lica de Santo Domingo (UCSD)</subfield>
  </datafield>
  <datafield tag="910" ind1=" " ind2=" ">
    <subfield code="a">NULL</subfield>
    <subfield code="b">NULL</subfield>
  </datafield>
  <datafield tag="911" ind1=" " ind2=" ">
    <subfield code="a">["1"]</subfield>
  </datafield>
  <datafield tag="912" ind1=" " ind2=" ">
    <subfield code="a">NO APLICA</subfield>
  </datafield>
  <datafield tag="913" ind1=" " ind2=" ">
    <subfield code="a">NULL</subfield>
  </datafield>
  <datafield tag="914" ind1=" " ind2=" ">
    <subfield code="a">01 de Marzo de 2017</subfield>
  </datafield>
  <datafield tag="915" ind1=" " ind2=" ">
    <subfield code="a">26/11/19 11:11</subfield>
  </datafield>
  <datafield tag="916" ind1=" " ind2=" ">
    <subfield code="a">NULL</subfield>
  </datafield>
  <datafield tag="917" ind1=" " ind2=" ">
    <subfield code="a">NULL</subfield>
  </datafield>
  <datafield tag="918" ind1=" " ind2=" ">
    <subfield code="a">NO APLICA</subfield>
  </datafield>
  <datafield tag="919" ind1=" " ind2=" ">
    <subfield code="a">["18","70","83","138","139"]</subfield>
  </datafield>
  <datafield tag="520" ind1=" " ind2=" ">
    <subfield code="a">El objetivo principal de este estudio consisti&#xF3;, en analizar la Metodolog&#xED;a Andrag&#xF3;gica aplicada al participante adulto en la Carrera de Educaci&#xF3;n de la Universidad Abierta para Adultos (UAPA), en el periodo septiembre-diciembre 2016.&#xA0; La investigaci&#xF3;n aplic&#xF3; los m&#xE9;todos exploratorio e inductivo, de enfoque cualitativo, dise&#xF1;o no experimental, corte transversal y de car&#xE1;cter descriptivo.&#xA0; Como t&#xE9;cnicas emplearon la encuesta, recopilaci&#xF3;n documental y el instrumento del cuestionario.&#xA0; Se tom&#xF3; una muestra de 20 participantes adultos y 16 facilitadores del &#xE1;rea.Se concluy&#xF3; que el proceso Metodol&#xF3;gico Andrag&#xF3;gico que se aplica al participante adulto, se caracteriza por la implementaci&#xF3;n de cuatro fases: la primera consiste en preservar y fortalecer los intereses del adulto en el logro de sus metas, la segunda se basa en orientaci&#xF3;n, la tercera hace &#xE9;nfasis en la actualizaci&#xF3;n de sus conocimientos, la cuarta est&#xE1; orientada a interpretar los factores y variables de su historial como ente social, permiti&#xE9;ndole&#xA0; relacionar las experiencias previas con las actuales.&#xA0;&#xA0;En este proceso, cada participante elige un m&#xE9;todo particular asumiendo as&#xED; su auto-aprendizaje. Tambi&#xE9;n se basa en estrategias que tienen como objetivo promover el auto-aprendizaje mediante la indagaci&#xF3;n, la aplicaci&#xF3;n de pr&#xE1;cticas investigativas, trabajo en equipo y el intercambio de experiencias.Se recomend&#xF3;, promover la actualizaci&#xF3;n&#xA0; permanente de los facilitadores, ya que de acuerdo a los principios Adrag&#xF3;gicos, este debe estar en constante aprendizaje.&#xA0; Establecer programas de pasant&#xED;a para los participantes en los centros estatales para obtener una experiencia did&#xE1;ctica significativa.&#xA0; Equipar a la biblioteca con material Andrag&#xF3;gico para que exista una fuente tangible de consulta y gu&#xED;a.</subfield>
  </datafield>
  <datafield tag="921" ind1=" " ind2=" ">
    <subfield code="a">63</subfield>
  </datafield>
  <datafield tag="922" ind1=" " ind2=" ">
    <subfield code="a">63</subfield>
  </datafield>
  <datafield tag="923" ind1=" " ind2=" ">
    <subfield code="a">1</subfield>
  </datafield>
  <datafield tag="924" ind1=" " ind2=" ">
    <subfield code="a">NO APLICA</subfield>
  </datafield>
  <datafield tag="942" ind1=" " ind2=" ">
    <subfield code="c">Tesis</subfield>
  </datafield>
  <datafield tag="999" ind1=" " ind2=" ">
    <subfield code="c">6985</subfield>
    <subfield code="d">6985</subfield>
  </datafield>
</record>
